000 00505nam a2200205Ia 4500
003 OSt
005 20230405163824.0
008 210210b2005 xxu||||| |||| 00| 0 eng d
020 _a81 219 0932 5
040 _cAL
082 _a580/335 PANT
100 _aPANDEY (B P).
_983893
245 _aTaxonomy of angiosperms: for university students
250 _a6.
260 _aN D
_bS. Chand & Co. Ltd.
_c2005
300 _aviii,600
690 _aTaxonomy
_983894
906 _aSG04794
942 _2ddc
_cSG
999 _c115595
_d115595